| 000 | 00600nam a22002057a 4500 | ||
|---|---|---|---|
| 003 | OSt | ||
| 005 | 20140310182813.0 | ||
| 008 | 130226t xxu||||| |||| 00| 0 eng d | ||
| 020 | _a9789810698058 | ||
| 050 |
_aHF 5415.2 _b.M29 2007 |
||
| 100 | _aMalhotra, Naresh | ||
| 245 |
_aFundamentals of marketing research : _cNaresh K. Malhotra. _ban applied orientation / |
||
| 260 |
_aSingapore : _bPearson Education South Asia Pte Ltd., _c2010. |
||
| 300 |
_a124 p. : _c24 cm. _bill. ; |
||
| 521 | _aBSBA | ||
| 650 | _aMarketing research | ||
| 942 |
_2lcc _cBK _kFOR |
||
| 999 |
_c16224 _d16224 |
||